Deutsche Inseln - Sudden Death - Statistiken

Allgemein
  • Dieses Quiz wurde 189 mal gespielt
  • Das Durchschnittsergebnis liegt bei 11 aus 17
Answers on the Grid
Answers color-coded by a green-red scale on the quiz's grid according to % correct below.
Rügen
Sylt
Föhr
Fehmarn
Poel
Norderney
Amrum
Usedom
Mainau
Herrenchiemsee
Borkum
Reichenau
Mallorca
Bornholm
Lolland
Seeland
Kos
Bali
Rab
Texel
Schiermonnikoog
Osterinsel
Gotland
Kreta
Ischia
Wilhelmsburg
Lindau
Pellworm
Helgoland
Frauenchiemsee
 
Antwortstatistiken
Antwort % Korrekt
Rügen
92%
Sylt
91%
Borkum
86%
Föhr
86%
Helgoland
86%
Fehmarn
85%
Norderney
84%
Usedom
84%
Amrum
83%
Pellworm
61%
Mainau
57%
Herrenchiemsee
47%
Lindau
47%
Poel
47%
Reichenau
47%
Frauenchiemsee
43%
Wilhelmsburg
20%
Keine übereinstimmenden Quizze gefunden
Verteilung der Resultate
Anzahl Personen mit jedem Resultat
Perzentil nach korrekt beantworteten Fragen
Ihre Resultats-Entwicklung
Sie haben dieses Quiz noch nicht gespielt